| 000 | 00442nam a22001577a 4500 | ||
|---|---|---|---|
| 005 | 20240827080345.0 | ||
| 008 | 240827b |||||||| |||| 00| 0 eng d | ||
| 041 | _aEnglish | ||
| 082 | _a349 LAW | ||
| 100 | _lEnglish | ||
| 245 | _aThe Laws of South West Africa 1950 | ||
| 260 |
_aWindhoek: _bBy Authority, _c1950 |
||
| 300 |
_blxxi, 711 pages; _c25 cm. |
||
| 650 |
_aLegal practice _bLaw |
||
| 942 |
_cBK _6ALISON_BN_VRIES |
||
| 999 |
_c2846 _d2846 |
||